Powerpoint vo vyučovacom procese

PowerPoint je jedným z mnohých softvérov určených na tvorbu prezentácií, ale aj najpopulárnejším vďaka tomu, že je súčasťou balíčka Microsoft Office, ktorý je ľahko dostupný a široko používaný.

Saved in:
Bibliographic Details
Main Author: Stradiotová, Eva, 1963-
Format: Book Chapter
Language:Slovak
Subjects:
Tags: Add Tag
No Tags, Be the first to tag this record!

MARC

LEADER 00000nla a2200000 4500
001 0152821
005 20240502072724.8
041 0 |a slo 
044 |a SK 
245 1 0 |a Powerpoint vo vyučovacom procese  |c Eva Stradiotová 
520 |a PowerPoint je jedným z mnohých softvérov určených na tvorbu prezentácií, ale aj najpopulárnejším vďaka tomu, že je súčasťou balíčka Microsoft Office, ktorý je ľahko dostupný a široko používaný. 
610 2 0 |a technológie informačné 
610 2 0 |a technológie komunikačné 
610 2 0 |a počítače 
610 2 0 |a spracovanie textov 
610 2 0 |a softvér 
610 2 0 |a procesory textové 
610 2 0 |a prezentácia 
610 2 0 |a gramotnosť informačná 
100 1 |a Stradiotová, Eva, 1963-